1526 1175 1951 1812 1948 1606 1160 1789 1365 1661 1525 1472 1817 1413 1779 1391 1946 1779 1650 1648 1149 1726 1729 1146 1582 1207 1058 1888 1519 1703 1290 1603 1661 1131 1973 1909 1033 1433 1149 1857 1387 1838 1744 1321 1024 1561 1118 1550 1547 1089 1462 1643 1633 1258 1655 1512 1178 1488 1075 1184 1834 1414 1911 1730 1647 1977 1818 1604 1695 1231 1977 1392 1093 1076 1689 1268 1007 1474 1648 1375 1023 1403 1971 1291 1870 1015 1266 1000 1287 1529 1339 1499 1481 1264 1176 1424 1992 1041 1835 BCNSPRNW ULIB Ver.6.0+V

เปลี่ยนเป็นภาษาไทย

Change to English
 แสดงรายละเอียดบรรณานุกรม
  กลับหน้าหลัก

Brief Record : Get Marc (ISO 2709) : E-mail record : QR code < ปิดหน้าต่าง
LEADER : 00000nam 2200000uu 4500
001    13399124499
003     ULIB
008    150811s||||||||th 000 0 tha d
099    วจ.WS113^bพ911ก
100 0  เพ็ญศรี ทองเพชร และสุยะมิตร ทับทิมทอง
245 00 การศึกษาสภาพและปัญหาการจัดการศึกษาปฐมวัยในศูนย์พัฒนาเด็กก่อนวันเรียนในเขตจังหวัดสุราษฎร์ธานี^cโดยเพ็ญศรี ทองเพชร และสุยะมิตร ทับทิมทอง
260    สุราษฎร์ธานี:^bวิทยาลัยพยาบาลบรมราชชนนี สวรรค์ประชารักษ์ นครสวรรค์,^c2551.
300    103 หน้า
650  0 การจัดการศึกษาปฐมวัย^xวิจัย
650  0 ศูนย์พัฒนาเด็กก่อนวัยเรียน^xวิจัย
945    ^p0^l0^i026637
999    ^aเกษร โพธิ์สุวรรณ
รายการนี้ยังไม่มีแท็ก
คุณยังไม่ได้ล็อกอิน คุณสามารถมีกิจกรรมร่วมกับเว็บไซต์ได้ แต่ต้องล็อกอินก่อน ::
  ล็อกอิน

รายการสื่อสารสนเทศ

ลำดับที่ ประเภท เลขเรียก/บาร์โค้ด สถานที่ สถานะ
1. งานวิจัย
งานวิจัย
วจ.WS113 พ911ก ฉ.1 
  Barcode: 026637
ห้องสมุดวิทยาเขตสวรรค์ประชารักษ์
►วิจัย
บนชั้น

BibComment


ยังไม่เคยถูกคอมเมนท์

คอมเมนท์ทรัพยากรรายการนี้
  คอมเมนท์: การศึกษาสภาพและปั..


 Copyright 2026. Bcnsprnw @Library